000 00337 a2200157 4500
001 185786
020 _a85-15-00395-3
040 _cMagnum
100 _aCeschin, José a
240 1 0 _aO pardal medroso
_lpor
245 1 0 _aO pardal medroso
300 _a23
440 1 _aLoyola
697 _aLITERATURA INFANTO-JUVENIL
942 _cBK
999 _c185786
_d185786